00399nam a2200181Ia 4500003000900000008004100009040001300050040001300063041000800076100002600084245004700110250001000157260001200167260000900179300001100188300001200199490000600211IT-RoPAU120407s9999 xx 000 0 und d aIT-RoPAU cIT-RoPAU aita aGiulio Porta Prosperi aDìatéssaron . Poesia dell’esistenza  aRoma  aDe Luca c1969 a137 p. c22,5 cm v1